000 01785nam0a2200373 4500
001 RU\NLR\BIBL_A\011204509
005 20250625215339.0
010 _a978-5-389-11750-1
_d4000
021 _aRU
_b2016-63666
_94059
021 _aRU
_b2017-84142
_96003
035 _a(NILC)RuMoRGB-008087253
035 _a(NLR Aleph) 011204509
090 _a11942192
_c11942192
100 _a20160905d2016 |||y0rusy50 ca
101 1 _arus
_ceng
102 _aRU
105 _aa f 001yy
200 1 _aОбо всем на свете в вопросах и ответах
_eэнциклопедия
_e[природные зоны, жилища и транспорт, сухопутные животные, наш дом - Земля, морские животные, динозавры
_eдля среднего школьного возраста
_fпер. с англ. Татьяна Покидаева]
210 _aМосква
_cМахаон [и др.]
_d2016
215 _a239 с.
_cцв. ил.
_d28
300 _aВ вып. дан. загл.: Энциклопедия обо всем на свете в вопросах и ответах
300 _aЗагл. корешка: Энциклопедия обо всем на свете
320 _aУказ.: с. 236-239
333 _a6+
516 1 _aЭнциклопедия обо всем на свете
517 1 _aЭнциклопедия обо всем на свете в вопросах и ответах
608 _aЭнциклопедии для детей
_92363029
_3RU\NLR\AUTH\661410942
686 3 _aШ9
_bЯ20
702 1 _aПокидаева
_bТ. Ю.
_gТатьяна Юрьевна
_4730
942 _cBOOK
980 _aNB